000 00517nam a2200193Ia 4500
999 _c14956
_d14956
003 OSt
005 20201217131943.0
008 190216s9999||||xx |||||||||||||| ||und||
020 _a8126501367
040 _coclc
082 _a423
_bAGN/C
100 _aAgnes, Michael
_97634
245 0 _aCollege Dictionary /
_cMichael Agnes
250 _a4th Ed.
260 _bWiley Dream Tech,
_c2005.
_aNew Delhi:
300 _a1716p
650 _aEnglish
942 _cREF
_2ddc
_h423
_iAGN/C
_k423
_mAGN/C